Georgia Tech Alumni - Statistics

General Stats
  • This quiz has been taken 37 times
  • The average score is 5 of 9
Answer Stats
Hint Answer % Correct
President of the United States from 1977 to 1981 Jimmy Carter
90%
Hall of Fame wide receiver who played for the Detroit Lions Calvin Johnson
79%
Kicker who plays for the Kansas City Chiefs Harrison Butker
72%
Running back who plays for the Detroit Lions Jahmyr Gibbs
69%
Head football coach at his alma mater since 2023 Brent Key
66%
Hall of Fame power forward and center who played for the Toronto Raptors and Miami Heat Chris Bosh
66%
Former wide receiver who played for the Denver Broncos Demaryius Thomas
66%
Senator from Georgia from 2015 to 2021 David Perdue
21%
President of Panama from 2014 to 2019 Juan Carlos Varela
14%
No matching quizzes found
Score Distribution
Percent of People with Each Score
Percentile by Number Answered
Your Score History
You have not taken this quiz